'B' List Celebrities Quiz Stats

 Plays Quiz Updated Apr 20, 2015

Challenge
Share
Tweet
Score 0/24 Timer 06:00
4 Plays Today
% Correct
Alec Baldwin
92.2%
Kevin Bacon
88.6%
David Beckham
88.3%
Orlando Bloom
78%
Lucille Ball
77.9%
Tyra Banks
70%
Christian Bale
69.6%
Susan Boyle
67.8%
Antonio Banderas
66.7%
Kathy Bates
66.2%
Charles Barkley
65.1%
Tony Bennett
63.2%
% Correct
Chris Brown
60.1%
Steve Buscemi
58.9%
Cate Blanchett
57%
Humphrey Bogart
54.8%
Lauren Bacall
50.7%
Mel Brooks
48.6%
Sean Bean
48.6%
Kim Basinger
46.5%
Christie Brinkley
45.9%
LeVar Burton
34.5%
Anne Bancroft
26.9%
David Boreanaz
26.8%

You're not logged in!

Compare scores with friends on all Sporcle quizzes.
OR
Log In

You Might Also Like...

Show Comments

Extras

Top Quizzes Today


Score Distribution

Your Account Isn't Verified!

In order to create a playlist on Sporcle, you need to verify the email address you used during registration. Go to your Sporcle Settings to finish the process.

Report this User

Report this user for behavior that violates our Community Guidelines.

Details: